[Event "HUN-chT1 Charousek 2223"]
[Site "Hungary"]
[Date "2023.04.23"]
[Round "9.10"]
[White "Csaba, Arpad"]
[Black "Nemeth, Gergely"]
[Result "0-1"]
[WhiteElo "2013"]
[BlackElo "2085"]
[PlyCount "60"]
[EventDate "2022.11.20"]
[EventType "team-tourn"]
[EventRounds "9"]
[EventCountry "HUN"]
[SourceTitle "EXT 2025"]
[Source "ChessBase"]
[SourceDate "2024.10.14"]
[SourceVersion "1"]
[SourceVersionDate "2024.10.14"]
[SourceQuality "1"]
[WhiteTeam "Sentimento Ajka BSK II"]
[BlackTeam "Paks ASE II"]
[WhiteTeamCountry "HUN"]
[BlackTeamCountry "HUN"]

1. b3 d5 2. Bb2 e6 3. f4 c5 4. e3 Nc6 5. Nf3 f6 6. Bb5 Bd6 7. 0-0 Nge7 8. d3 0-0 9. Bxc6 Nxc6 10. Nbd2 b6 11. Qe2 Bb7 12. c4 Qd7 13. Nh4 dxc4 14. dxc4 Rad8 15. Rad1 Qc7 16. Ne4 f5 17. Ng5 Qe7 18. Qh5 h6 19. Nhf3 Qe8 20. Qh3 hxg5 21. Nxg5 Qg6 22. Rf3 Be7 23. Re1 Bf6 24. Nxe6 Bxb2 25. Nxf8 Rxf8 26. Rg3 Qh7 27. Qxh7+ Kxh7 28. Rd1 Rd8 29. Re1 Ne7 30. Rh3+ Kg8 0-1

[Event "HUN-chT2 Szechenyi 2223"]
[Site "Hungary"]
[Date "2023.02.19"]
[Round "6.1"]
[White "Csaba, Arpad"]
[Black "Pinterne, Kovacs Marta"]
[Result "1-0"]
[WhiteElo "2016"]
[BlackElo "2088"]
[PlyCount "95"]
[EventDate "2022.11.20"]
[EventType "team-tourn"]
[EventRounds "9"]
[EventCountry "HUN"]
[SourceTitle "EXT 2025"]
[Source "ChessBase"]
[SourceDate "2024.10.14"]
[SourceVersion "1"]
[SourceVersionDate "2024.10.14"]
[SourceQuality "1"]
[WhiteTeam "Sentimento Ajka BSK III"]
[BlackTeam "Spartacus Sportkor"]
[WhiteTeamCountry "HUN"]
[BlackTeamCountry "HUN"]

1. b3 e5 2. Bb2 d6 3. e3 f5 4. f4 Qe7 5. Nf3 exf4 6. Bc4 d5 7. Bxd5 fxe3 8. Bc4 Be6 9. Bd3 exd2+ 10. Qxd2 Nc6 11. 0-0 0-0-0 12. Qg5 h6 13. Qg6 Nf6 14. Kh1 Qd7 15. Nbd2 Nb4 16. Ne5 Qe8 17. Bxf5 Bxf5 18. Qxf5+ Kb8 19. Ndc4 Nbd5 20. Rae1 Bb4 21. c3 Bxc3 22. Bxc3 Nxc3 23. Ng6 Qc6 24. Nxh8 Rxh8 25. Qe6 Qxe6 26. Rxe6 Nxa2 27. Re7 Rg8 28. Ne5 Kc8 29. h3 Nb4 30. Ng4 Nbd5 31. Nxf6 gxf6 32. Rh7 Rg6 33. h4 b6 34. h5 Rg5 35. Rxh6 Ne3 36. Rh8+ Kb7 37. Rxf6 Rxg2 38. h6 Rb2 39. Rg8 Rb1+ 40. Rg1 Rxb3 41. h7 Ng4 42. h8Q Nxf6 43. Qxf6 Rh3+ 44. Kg2 Rd3 45. Kf2 Rd2+ 46. Ke3 Rc2 47. Qf3+ Ka6 48. Ra1+ 1-0

[Event "HUN-chT1 Charousek 2223"]
[Site "Hungary"]
[Date "2023.02.12"]
[Round "5.10"]
[White "Csaba, Arpad"]
[Black "Balogh, Marton"]
[Result "1/2-1/2"]
[WhiteElo "2016"]
[BlackElo "1955"]
[PlyCount "20"]
[EventDate "2022.11.20"]
[EventType "team-tourn"]
[EventRounds "9"]
[EventCountry "HUN"]
[SourceTitle "EXT 2025"]
[Source "ChessBase"]
[SourceDate "2024.10.14"]
[SourceVersion "1"]
[SourceVersionDate "2024.10.14"]
[SourceQuality "1"]
[WhiteTeam "Sentimento Ajka BSK II"]
[BlackTeam "Csuti Hydro"]
[WhiteTeamCountry "HUN"]
[BlackTeamCountry "HUN"]

1. b3 d5 2. Bb2 Nf6 3. e3 c6 4. f4 Bg4 5. Be2 Bxe2 6. Qxe2 Nbd7 7. Nf3 e6 8. 0-0 Be7 9. Ne5 0-0 10. d4 Ne4 1/2-1/2

[Event "HUN-chT2 Szechenyi 2122"]
[Site "Hungary"]
[Date "2022.04.10"]
[Round "9.9"]
[White "Csaba, Arpad"]
[Black "Csidey, Csongor"]
[Result "0-1"]
[WhiteElo "2004"]
[BlackElo "2111"]
[PlyCount "40"]
[EventDate "2021.10.10"]
[EventType "team-tourn"]
[EventRounds "9"]
[EventCountry "HUN"]
[SourceTitle "EXT 2025"]
[Source "ChessBase"]
[SourceDate "2024.10.14"]
[SourceVersion "1"]
[SourceVersionDate "2024.10.14"]
[SourceQuality "1"]
[WhiteTeam "Sentimento Ajka BSK"]
[BlackTeam "Szechenyi ESE"]
[WhiteTeamCountry "HUN"]
[BlackTeamCountry "HUN"]

1. b3 e5 2. Bb2 Nc6 3. e3 Nf6 4. c4 b6 5. Nf3 e4 6. Nd4 Nxd4 7. Bxd4 Bb7 8. Be2 Bd6 9. 0-0 h5 10. g3 h4 11. Nc3 a6 12. f4 hxg3 13. hxg3 c5 14. Be5 Bxe5 15. fxe5 Qc7 16. d4 exd3 17. Bf3 Qxe5 18. Bxb7 Qxg3+ 19. Bg2 Ng4 20. Rf3 Rh1+ 0-1

[Event "HUN-chT2 Szechenyi 2122"]
[Site "Hungary"]
[Date "2022.03.20"]
[Round "8.7"]
[White "Kertesz, Zsolt"]
[Black "Csaba, Arpad"]
[Result "1/2-1/2"]
[WhiteElo "1854"]
[BlackElo "2013"]
[PlyCount "41"]
[EventDate "2021.10.10"]
[EventType "team-tourn"]
[EventRounds "9"]
[EventCountry "HUN"]
[SourceTitle "EXT 2025"]
[Source "ChessBase"]
[SourceDate "2024.10.14"]
[SourceVersion "1"]
[SourceVersionDate "2024.10.14"]
[SourceQuality "1"]
[WhiteTeam "Csuti Baki Agrocentrum"]
[BlackTeam "Sentimento Ajka BSK"]
[WhiteTeamCountry "HUN"]
[BlackTeamCountry "HUN"]

1. d4 e6 2. Nf3 d5 3. e3 c6 4. Bd3 f5 5. 0-0 Nf6 6. Ne5 Bd6 7. f4 b6 8. Nd2 0-0 9. Ndf3 Qe7 10. Qe1 c5 11. c3 Bb7 12. Qg3 Nbd7 13. Qh3 Ne4 14. Bxe4 dxe4 15. Nxd7 Qxd7 16. Ne5 Bxe5 17. fxe5 f4 18. exf4 cxd4 19. cxd4 Qxd4+ 20. Be3 Qxb2 21. Qxe6+ 1/2-1/2

[Event "HUN-chT2 Szechenyi 2122"]
[Site "Hungary"]
[Date "2022.02.13"]
[Round "6.7"]
[White "Bencze, Balazs Dominik"]
[Black "Csaba, Arpad"]
[Result "1/2-1/2"]
[WhiteElo "1733"]
[BlackElo "2009"]
[PlyCount "92"]
[EventDate "2021.10.10"]
[EventType "team-tourn"]
[EventRounds "9"]
[EventCountry "HUN"]
[SourceTitle "EXT 2025"]
[Source "ChessBase"]
[SourceDate "2024.10.14"]
[SourceVersion "1"]
[SourceVersionDate "2024.10.14"]
[SourceQuality "1"]
[WhiteTeam "Tapolca VSE"]
[BlackTeam "Sentimento Ajka BSK"]
[WhiteTeamCountry "HUN"]
[BlackTeamCountry "HUN"]

1. c4 e6 2. Nc3 f5 3. g3 Nf6 4. Bg2 d5 5. cxd5 exd5 6. Qb3 c6 7. d4 Bd6 8. Nf3 Nbd7 9. Bg5 Qb6 10. Qc2 Ne4 11. a3 0-0 12. e3 h6 13. Bf4 Bxf4 14. gxf4 Ndf6 15. Ne5 Nxc3 16. Qxc3 Ng4 17. Ng6 Re8 18. h3 Nf6 19. Ne5 Be6 20. Bf3 a5 21. Rc1 Rac8 22. Rg1 Nd7 23. Bh5 Nxe5 24. fxe5 Bf7 25. Bxf7+ Kxf7 26. Rc2 Qd8 27. Qd3 g6 28. Qf1 Re6 29. Qe2 b6 30. Rg3 c5 31. Qd2 c4 32. e4 dxe4 33. Qxh6 Qg8 34. Qf4 Qd8 35. Rd2 Qd5 36. Qh6 Rg8 37. h4 b5 38. h5 g5 39. Qh7+ Rg7 40. Qxf5+ Kg8 41. Rxg5 b4 42. Rxg7+ Kxg7 43. f4 exf3 44. Qg5+ Kh7 45. Qf5+ Kg7 46. Qg5+ Kh7 1/2-1/2

[Event "HUN-chT2 Szechenyi 1516"]
[Site "Hungary"]
[Date "2015.10.18"]
[Round "3.8"]
[White "Csaba, Arpad"]
[Black "Horvath, Reka"]
[Result "0-1"]
[WhiteElo "2036"]
[BlackElo "1999"]
[PlyCount "87"]
[EventDate "2015.09.13"]
[EventType "team-tourn"]
[EventRounds "11"]
[EventCountry "HUN"]
[SourceTitle "CBM 170 Extra"]
[Source "ChessBase"]
[SourceDate "2016.02.25"]
[SourceVersion "1"]
[SourceVersionDate "2016.02.25"]
[SourceQuality "1"]
[WhiteTeam "Ajka Banyasz"]
[BlackTeam "HVSE Infraplan"]
[WhiteTeamCountry "HUN"]
[BlackTeamCountry "HUN"]

1. d4 Nf6 2. Nf3 g6 3. g3 Bg7 4. Bg2 0-0 5. c4 c6 6. 0-0 d5 7. b3 Ne4 8. Bb2 Be6 9. Nfd2 Nxd2 10. Nxd2 Qb6 11. cxd5 cxd5 12. e3 Nc6 13. a3 Rac8 14. Rc1 Na5 15. Rc5 Qa6 16. Qa1 Qd3 17. Rxa5 Qxd2 18. b4 Rc2 19. Bc1 Qe2 20. Rc5 Rc8 21. Qb1 Bf5 22. Qb3 e6 23. Rxc8+ Rxc8 24. Qd1 Qa2 25. g4 Bc2 26. Qd2 Qb3 27. Bf3 Bd3 28. Be2 Bxe2 29. Qxe2 Rc2 30. Qd1 Qc3 31. Qe1 Qc4 32. Qd1 h6 33. Bd2 Qa2 34. Bc1 Qc4 35. Kg2 e5 36. Re1 Ra2 37. h3 exd4 38. exd4 Bxd4 39. Be3 Bc3 40. Rf1 Ra1 41. Qxa1 Bxa1 42. Rxa1 d4 43. Bxh6 Qe2 44. Rc1 0-1

[Event "HUN-chT2 Szechenyi 1415"]
[Site "Hungary"]
[Date "2014.12.14"]
[Round "6.5"]
[White "Csaba, Arpad"]
[Black "Domonkos, Andras"]
[Result "1/2-1/2"]
[WhiteElo "2051"]
[BlackElo "1953"]
[PlyCount "59"]
[EventDate "2014.09.07"]
[EventType "team-tourn"]
[EventRounds "11"]
[EventCountry "HUN"]
[SourceTitle "EXT 2016"]
[Source "ChessBase"]
[SourceDate "2015.10.08"]
[SourceVersion "1"]
[SourceVersionDate "2015.10.08"]
[SourceQuality "1"]
[WhiteTeam "Ajka Banyasz"]
[BlackTeam "Veszprem"]
[WhiteTeamCountry "HUN"]
[BlackTeamCountry "HUN"]

1. Nf3 Nf6 2. g3 d5 3. Bg2 e6 4. 0-0 Bd6 5. d4 0-0 6. b3 Nbd7 7. c4 c6 8. Bb2 Re8 9. Qc2 Rb8 10. Nbd2 e5 11. dxe5 Nxe5 12. Nxe5 Bxe5 13. Bxe5 Rxe5 14. cxd5 cxd5 15. Nf3 Bf5 16. Qb2 Re7 17. Rfd1 Be4 18. Ne1 Qb6 19. e3 Rc8 20. Rac1 Rec7 21. Bh3 Rxc1 22. Rxc1 Rxc1 23. Qxc1 Qc6 24. Qxc6 bxc6 25. b4 Kf8 26. Bf1 Ke7 27. Bd3 Kd6 28. f3 Bxd3 29. Nxd3 Nd7 30. Kf2 1/2-1/2

[Event "HUN-chT2 Szechenyi 1415"]
[Site "Hungary"]
[Date "2014.10.12"]
[Round "3.6"]
[White "Csaba, Arpad"]
[Black "Hadrik, Csaba"]
[Result "0-1"]
[WhiteElo "2051"]
[BlackElo "1955"]
[PlyCount "73"]
[EventDate "2014.09.07"]
[EventType "team-tourn"]
[EventRounds "11"]
[EventCountry "HUN"]
[SourceTitle "EXT 2016"]
[Source "ChessBase"]
[SourceDate "2015.10.08"]
[SourceVersion "1"]
[SourceVersionDate "2015.10.08"]
[SourceQuality "1"]
[WhiteTeam "Ajka Banyasz"]
[BlackTeam "Sarvar"]
[WhiteTeamCountry "HUN"]
[BlackTeamCountry "HUN"]

1. Nf3 d5 2. g3 c5 3. Bg2 Nc6 4. d4 e6 5. 0-0 Nf6 6. b3 cxd4 7. Nxd4 Be7 8. Bb2 0-0 9. Nd2 Bd7 10. c4 dxc4 11. Nxc4 Rc8 12. Nb5 a6 13. Nbd6 Rb8 14. Ne5 Nd5 15. Nxd7 Qxd7 16. e4 Nf6 17. e5 Ne8 18. Nxe8 Qxe8 19. Qg4 Rd8 20. Rfd1 Bc5 21. Rac1 Qe7 22. Bxc6 bxc6 23. Rd6 Qa7 24. Rcd1 Bxf2+ 25. Kg2 Bb6 26. R1d3 c5 27. Qf3 Rxd6 28. Rxd6 Bc7 29. Rd7 Qb8 30. Ba3 Qb6 31. Qd3 Qc6+ 32. Kh3 Bxe5 33. Rd8 Bc7 34. Rxf8+ Kxf8 35. Qc4 Bd6 36. b4 Qa4 37. bxc5 0-1

[Event "HUN-chT2 Szechenyi 1415"]
[Site "Hungary"]
[Date "2014.09.21"]
[Round "2.4"]
[White "Kiss, Csaba"]
[Black "Csaba, Arpad"]
[Result "0-1"]
[WhiteElo "1797"]
[BlackElo "2051"]
[PlyCount "86"]
[EventDate "2014.09.07"]
[EventType "team-tourn"]
[EventRounds "11"]
[EventCountry "HUN"]
[SourceTitle "EXT 2016"]
[Source "ChessBase"]
[SourceDate "2015.10.08"]
[SourceVersion "1"]
[SourceVersionDate "2015.10.08"]
[SourceQuality "1"]
[WhiteTeam "Papa"]
[BlackTeam "Ajka Banyasz"]
[WhiteTeamCountry "HUN"]
[BlackTeamCountry "HUN"]

1. e4 g6 2. d4 Bg7 3. Nf3 d6 4. Be2 Nf6 5. Nc3 c6 6. 0-0 0-0 7. a4 a5 8. Re1 Qc7 9. Bf1 e5 10. Ra3 Bg4 11. Be3 Re8 12. Rb3 Nbd7 13. h3 exd4 14. Bxd4 Be6 15. Ra3 Ne5 16. Ng5 Rad8 17. f4 Ned7 18. Qf3 h6 19. Nxe6 fxe6 20. Bf2 Nh7 21. h4 d5 22. e5 Bf8 23. Raa1 Bc5 24. g4 Bxf2+ 25. Qxf2 Rf8 26. Qd2 Qb6+ 27. Kh1 Kg7 28. Bd3 Rf7 29. Rf1 Qb4 30. Ra3 Nc5 31. Qc1 Rdf8 32. Na2 Nxd3 33. Rxd3 Qe4+ 34. Kh2 Rxf4 35. Rxf4 Rxf4 36. Qd2 Qxe5 37. Kh3 d4 38. c3 c5 39. Nc1 h5 40. cxd4 hxg4+ 41. Kg2 Qe4+ 42. Kg1 c4 43. Re3 Qxd4 0-1

[Event "HUN-chT2 Szechenyi 1415"]
[Site "Hungary"]
[Date "2014.09.07"]
[Round "1.5"]
[White "Domotor, Jozsef"]
[Black "Csaba, Arpad"]
[Result "0-1"]
[WhiteElo "1964"]
[BlackElo "2051"]
[PlyCount "153"]
[EventDate "2014.09.07"]
[EventType "team-tourn"]
[EventRounds "11"]
[EventCountry "HUN"]
[SourceTitle "EXT 2016"]
[Source "ChessBase"]
[SourceDate "2015.10.08"]
[SourceVersion "1"]
[SourceVersionDate "2015.10.08"]
[SourceQuality "1"]
[WhiteTeam "Zala Volan"]
[BlackTeam "Ajka Banyasz"]
[WhiteTeamCountry "HUN"]
[BlackTeamCountry "HUN"]

1. Nf3 c5 2. c4 Nc6 3. g3 Nf6 4. d4 cxd4 5. Nxd4 Qb6 6. Nb3 Ne5 7. c5 Qc6 8. Rg1 e6 9. Bg2 Qc7 10. Nc3 Bxc5 11. Nxc5 Qxc5 12. Be3 Qa5 13. Qb3 0-0 14. Qb5 Qc7 15. Bg5 a6 16. Qa4 Qc4 17. Bxf6 gxf6 18. Qxc4 Nxc4 19. 0-0-0 d5 20. e4 dxe4 21. Nxe4 Kg7 22. Nd6 Nxd6 23. Rxd6 Rb8 24. Rb6 Rd8 25. Rd1 Rxd1+ 26. Kxd1 Kf8 27. Kd2 Ke7 28. Ke3 f5 29. Kd4 f6 30. Kc5 e5 31. a4 e4 32. g4 Bd7 33. gxf5 Bc6 34. Bxe4 Bxe4 35. Re6+ Kd7 36. Rxe4 b6+ 37. Kd5 b5 38. a5 b4 39. Rh4 Rb5+ 40. Ke4 Rxa5 41. Rxh7+ Kc6 42. Rf7 Re5+ 43. Kf4 Re2 44. Rxf6+ Kb5 45. Re6 Rxf2+ 46. Ke4 Rxh2 47. f6 Rxb2 48. f7 Re2+ 49. Kd5 Rf2 50. Re5 Ka4 51. Ke6 Rxf7 52. Kxf7 b3 53. Re1 a5 54. Ke6 b2 55. Kd5 Kb4 56. Re8 a4 57. Rb8+ Kc3 58. Rc8+ Kd3 59. Rb8 a3 60. Rb3+ Kc2 61. Rxa3 b1Q 62. Ra4 Qb6 63. Rc4+ Kd3 64. Rc6 Qb5+ 65. Kd6 Kd4 66. Rc7 Qd5+ 67. Ke7 Qe5+ 68. Kd7 Kd5 69. Rb7 Qd6+ 70. Kc8 Qa6 71. Kb8 Qd6+ 72. Kc8 Qf8+ 73. Kd7 Qf7+ 74. Kc8 Qe8+ 75. Kc7 Kc5 76. Rb8 Qe5+ 77. Kc8 0-1

[Event "HUN-chT2 Szechenyi 1314"]
[Site "Hungary"]
[Date "2014.04.13"]
[Round "10.6"]
[White "Csaba, Arpad"]
[Black "Egresi, Mate"]
[Result "0-1"]
[WhiteElo "2052"]
[BlackElo "2086"]
[PlyCount "106"]
[EventDate "2013.09.08"]
[EventType "team-tourn"]
[EventRounds "11"]
[EventCountry "HUN"]
[SourceTitle "EXT 2016"]
[Source "ChessBase"]
[SourceDate "2015.10.08"]
[SourceVersion "1"]
[SourceVersionDate "2015.10.08"]
[SourceQuality "1"]
[WhiteTeam "Ajka Banyasz"]
[BlackTeam "Sarvar"]
[WhiteTeamCountry "HUN"]
[BlackTeamCountry "HUN"]

1. d4 d5 2. Nc3 Nf6 3. Bg5 Nbd7 4. e3 e6 5. Nf3 Bb4 6. Ne5 h6 7. Nxd7 Bxd7 8. Bxf6 Qxf6 9. Qd2 c5 10. a3 Ba5 11. dxc5 Bxc3 12. Qxc3 Qxc3+ 13. bxc3 Ke7 14. Rb1 Rab8 15. Bb5 a6 16. Bxd7 Kxd7 17. Rb6 Rhc8 18. Kd2 Rxc5 19. Rhb1 Kc7 20. Kd3 Ra5 21. R1b3 Rxa3 22. Rxb7+ Rxb7 23. Rxa3 Kb6 24. Rb3+ Kc6 25. c4 dxc4+ 26. Kxc4 Rd7 27. Kc3 Rd1 28. Rb4 f5 29. g4 Rh1 30. gxf5 exf5 31. Rh4 Kd5 32. f3 Rf1 33. Rd4+ Ke6 34. f4 Rf2 35. Ra4 Rxh2 36. Rxa6+ Kf7 37. Kd3 g5 38. fxg5 hxg5 39. c4 g4 40. Ra1 Kf6 41. c5 Ke5 42. c6 Kd6 43. Rc1 Kc7 44. Rf1 Rh5 45. e4 Rh3+ 46. Kd4 Rf3 47. Rh1 f4 48. e5 Kxc6 49. Rh6+ Kc7 50. Ke4 Rf2 51. Rg6 g3 52. Rg7+ Kd8 53. Kd3 g2 0-1

[Event "HUN-chT2 Szechenyi 1314"]
[Site "Hungary"]
[Date "2014.03.23"]
[Round "9.5"]
[White "Csaba, Arpad"]
[Black "Lejer, Sandor"]
[Result "1-0"]
[WhiteElo "2052"]
[BlackElo "1964"]
[PlyCount "93"]
[EventDate "2013.09.08"]
[EventType "team-tourn"]
[EventRounds "11"]
[EventCountry "HUN"]
[SourceTitle "EXT 2016"]
[Source "ChessBase"]
[SourceDate "2015.10.08"]
[SourceVersion "1"]
[SourceVersionDate "2015.10.08"]
[SourceQuality "1"]
[WhiteTeam "Ajka Banyasz"]
[BlackTeam "Lovo"]
[WhiteTeamCountry "HUN"]
[BlackTeamCountry "HUN"]

1. Nf3 Nf6 2. g3 g6 3. Bg2 Bg7 4. c4 0-0 5. d4 c6 6. 0-0 d5 7. Nc3 Nbd7 8. cxd5 cxd5 9. b3 b6 10. a4 Bb7 11. Ba3 Rc8 12. Rc1 Re8 13. Bh3 a6 14. e3 e6 15. Qd3 Ne4 16. Ne2 Ng5 17. Nxg5 Qxg5 18. Bg2 f5 19. Nf4 Qf6 20. Qd2 Bh6 21. Rxc8 Rxc8 22. Rc1 Rxc1+ 23. Qxc1 Bxf4 24. gxf4 Qd8 25. Bf1 Nf6 26. f3 Kf7 27. Qc3 Qc8 28. Qxc8 Bxc8 29. Bd6 Bb7 30. Bc7 Nd7 31. Kf2 Ke7 32. Ke1 Ke8 33. Kd2 Ke7 34. Kc3 b5 35. axb5 axb5 36. Bxb5 Nf6 37. Kb4 Bc8 38. Ka5 Ne8 39. Kb6 h6 40. h4 Kf7 41. Be5 Ke7 42. b4 Nd6 43. Bxd6+ Kxd6 44. Be2 g5 45. fxg5 hxg5 46. hxg5 e5 47. f4 1-0

[Event "HUN-chT2 Szechenyi 1314"]
[Site "Hungary"]
[Date "2013.11.03"]
[Round "4.4"]
[White "Csaba, Arpad"]
[Black "Szabo, Benjamin"]
[Result "0-1"]
[WhiteElo "2052"]
[BlackElo "1800"]
[PlyCount "100"]
[EventDate "2013.09.08"]
[EventType "team-tourn"]
[EventRounds "11"]
[EventCountry "HUN"]
[SourceTitle "EXT 2016"]
[Source "ChessBase"]
[SourceDate "2015.10.08"]
[SourceVersion "1"]
[SourceVersionDate "2015.10.08"]
[SourceQuality "1"]
[WhiteTeam "Ajka Banyasz"]
[BlackTeam "Tapolca II"]
[WhiteTeamCountry "HUN"]
[BlackTeamCountry "HUN"]

1. Nf3 Nf6 2. g3 g6 3. Bg2 Bg7 4. 0-0 0-0 5. c4 d6 6. d4 Nbd7 7. Nc3 c6 8. d5 c5 9. h3 a6 10. a4 Ne5 11. Nxe5 dxe5 12. e4 Qc7 13. Be3 Bd7 14. a5 Ne8 15. Na4 Bxa4 16. Qxa4 Nd6 17. Rfc1 f5 18. f3 f4 19. Bf2 fxg3 20. Bxg3 Nf7 21. Qa3 Bh6 22. Rc2 Qd6 23. Bf2 Rac8 24. Rb1 Rc7 25. b4 cxb4 26. Rxb4 Qf6 27. Rb3 Nd6 28. Rb6 Qf4 29. Qb3 Qf7 30. c5 Nb5 31. Rxb5 axb5 32. Qxb5 Rfc8 33. a6 bxa6 34. Qxa6 Rb8 35. Qd3 Rb1+ 36. Bf1 Qe8 37. Ra2 Rc1 38. d6 exd6 39. cxd6 Rd7 40. Qd5+ Qf7 41. Ra8+ Bf8 42. Qxe5 Qxf3 43. Qe6+ Rf7 44. Ra2 Qd1 45. e5 Qxf1+ 46. Kh2 Qh1+ 47. Kg3 Qf3+ 48. Kh4 Bh6 49. Qg4 Rc4 50. Ra8+ Kg7 0-1

[Event "HUN-chT2 Szechenyi 1314"]
[Site "Hungary"]
[Date "2013.09.22"]
[Round "2.5"]
[White "Szukics, Adam"]
[Black "Csaba, Arpad"]
[Result "1-0"]
[WhiteElo "1894"]
[BlackElo "2052"]
[PlyCount "45"]
[EventDate "2013.09.08"]
[EventType "team-tourn"]
[EventRounds "11"]
[EventCountry "HUN"]
[SourceTitle "EXT 2016"]
[Source "ChessBase"]
[SourceDate "2015.10.08"]
[SourceVersion "1"]
[SourceVersionDate "2015.10.08"]
[SourceQuality "1"]
[WhiteTeam "Szombathely Haladas III"]
[BlackTeam "Ajka Banyasz"]
[WhiteTeamCountry "HUN"]
[BlackTeamCountry "HUN"]

1. e4 c5 2. Nf3 Nc6 3. d4 cxd4 4. Nxd4 Nf6 5. Nc3 Rb8 6. Nxc6 bxc6 7. e5 Nd5 8. Nxd5 cxd5 9. Qxd5 Qc7 10. Bc4 e6 11. Qd4 Bc5 12. Qf4 0-0 13. 0-0 d6 14. Qg3 dxe5 15. b3 Bd6 16. Bb2 f5 17. Rad1 Rb7 18. Rd2 f4 19. Qg5 e4 20. Rfd1 Bc5 21. Rd7 Bxf2+ 22. Kh1 Bh4 23. Qxg7# 1-0

[Event "HUN-chT2 Szechenyi 1112"]
[Site "Hungary"]
[Date "2012.05.20"]
[Round "11.2"]
[White "Nagy, Bence"]
[Black "Csaba, Arpad"]
[Result "1-0"]
[WhiteElo "2356"]
[BlackElo "2043"]
[PlyCount "51"]
[EventDate "2011.09.25"]
[EventType "team-tourn"]
[EventRounds "11"]
[EventCountry "HUN"]
[SourceTitle "EXT 2013"]
[Source "ChessBase"]
[SourceDate "2012.11.22"]
[SourceVersion "1"]
[SourceVersionDate "2012.11.22"]
[SourceQuality "1"]
[WhiteTeam "Lovo"]
[BlackTeam "Ajka Banyasz"]
[WhiteTeamCountry "HUN"]
[BlackTeamCountry "HUN"]

1. e4 c5 2. Nf3 Nc6 3. Nc3 e5 4. Bc4 g6 5. d3 Bg7 6. Bg5 Nce7 7. Be3 d6 8. Ng5 Nh6 9. h4 Nc6 10. h5 f6 11. hxg6 fxg5 12. Rxh6 hxg6 13. Rxh8+ Bxh8 14. Qf3 Qf6 15. Qg3 g4 16. Nd5 Qg7 17. Qh4 Nb4 18. Nxb4 cxb4 19. 0-0-0 Qf8 20. Rh1 Bf6 21. Bb5+ Kf7 22. Bg5 Qg7 23. Bxf6 Qxf6 24. Qxf6+ Kxf6 25. Rh8 Ke7 26. Re8+ 1-0

[Event "HUN-chT2 Szechenyi 1112"]
[Site "Hungary"]
[Date "2012.03.12"]
[Round "7.3"]
[White "Csiszar, Albert"]
[Black "Csaba, Arpad"]
[Result "0-1"]
[WhiteElo "1822"]
[BlackElo "2043"]
[PlyCount "96"]
[EventDate "2011.09.25"]
[EventType "team-tourn"]
[EventRounds "11"]
[EventCountry "HUN"]
[SourceTitle "EXT 2013"]
[Source "ChessBase"]
[SourceDate "2012.11.22"]
[SourceVersion "1"]
[SourceVersionDate "2012.11.22"]
[SourceQuality "1"]
[WhiteTeam "Zalakaros"]
[BlackTeam "Ajka Banyasz"]
[WhiteTeamCountry "HUN"]
[BlackTeamCountry "HUN"]

1. d4 Nf6 2. Bg5 c5 3. Bxf6 gxf6 4. d5 d6 5. e3 Qb6 6. Qc1 Bg7 7. Nd2 f5 8. c3 Nd7 9. Qc2 Nf6 10. Bc4 e6 11. dxe6 fxe6 12. Ne2 d5 13. Bb3 Qa6 14. c4 Bd7 15. cxd5 exd5 16. Qxc5 Rc8 17. Qb4 b5 18. 0-0 Qb7 19. Nf4 a5 20. Qd4 0-0 21. Nxd5 Kh8 22. Qd3 Bc6 23. Nf4 a4 24. Be6 Rcd8 25. Qe2 Bh6 26. Nf3 Ne4 27. Rad1 Rde8 28. Bd5 Bxf4 29. Bxc6 Qxc6 30. Nd4 Qh6 31. g3 Be5 32. Qxb5 Qh3 33. Ne2 Nf6 34. Qc6 Qh5 35. Nf4 Bxf4 36. exf4 Ng4 37. Qg2 Re2 38. h3 Ne3 39. g4 fxg4 40. hxg4 Qxg4 41. Qxg4 Nxg4 42. Rd3 Rxb2 43. Rg3 Rxf4 44. Rc1 Rxa2 45. Rc8+ Kg7 46. f3 h5 47. Rc5 Kg6 48. Rh3 Rd4 0-1

[Event "HUN-chT2 Szechenyi 1011"]
[Site "Hungary"]
[Date "2011.04.10"]
[Round "8.3"]
[White "Csaba, Arpad"]
[Black "Pinterne, Kovacs Marta"]
[Result "0-1"]
[WhiteElo "2058"]
[BlackElo "2149"]
[PlyCount "76"]
[EventDate "2010.09.12"]
[EventType "team-tourn"]
[EventRounds "11"]
[EventCountry "HUN"]
[SourceTitle "EXT 2012"]
[Source "ChessBase"]
[SourceDate "2011.11.24"]
[SourceVersion "1"]
[SourceVersionDate "2011.11.24"]
[SourceQuality "1"]
[WhiteTeam "Ajka Banyasz"]
[BlackTeam "Spartacus"]
[WhiteTeamCountry "HUN"]
[BlackTeamCountry "HUN"]

1. d4 d5 2. Nf3 e6 3. e3 Bd6 4. c4 c6 5. Nc3 f5 6. Bd3 Nf6 7. Ne5 0-0 8. f4 Ne4 9. 0-0 Nd7 10. Bxe4 dxe4 11. c5 Bc7 12. b4 a6 13. g4 Nxe5 14. fxe5 Qe7 15. Bd2 Bd7 16. Kh1 Kh8 17. a4 Be8 18. Rg1 g5 19. Qe2 Rd8 20. Raf1 Bg6 21. Qg2 h6 22. h4 Qh7 23. h5 Bf7 24. Rf2 Bg8 25. Rgf1 Rf7 26. Kg1 Rdf8 27. Ne2 fxg4 28. Rxf7 Rxf7 29. Rxf7 Qxf7 30. Ng3 Bh7 31. Nxe4 Bxe4 32. Qxe4 Qxh5 33. b5 axb5 34. axb5 g3 35. Be1 Qh2+ 36. Kf1 Qh3+ 37. Kg1 Qh2+ 38. Kf1 g2+ 0-1

[Event "HUN-chT2 Szechenyi 0910"]
[Site "Hungary"]
[Date "2010.03.21"]
[Round "8.4"]
[White "Csaba, Arpad"]
[Black "Gaal, Ede"]
[Result "1/2-1/2"]
[WhiteElo "2120"]
[BlackElo "2095"]
[PlyCount "99"]
[EventDate "2009.11.08"]
[EventType "team-tourn"]
[EventRounds "11"]
[EventCountry "HUN"]
[SourceTitle "EXT 2011"]
[Source "ChessBase"]
[SourceDate "2010.11.26"]
[SourceVersion "1"]
[SourceVersionDate "2010.11.26"]
[SourceQuality "1"]
[WhiteTeam "Ajka Banyasz"]
[BlackTeam "Lovo"]
[WhiteTeamCountry "HUN"]
[BlackTeamCountry "HUN"]

1. d4 Nf6 2. Nc3 d5 3. Bg5 c5 4. e3 e6 5. Nf3 Qb6 6. Bb5+ Bd7 7. Bxd7+ Nbxd7 8. Rb1 Qa6 9. Qe2 Qxe2+ 10. Kxe2 a6 11. a4 Rc8 12. Rhc1 Be7 13. Nd2 h6 14. Bf4 Nh5 15. Bg3 cxd4 16. exd4 0-0 17. f3 Nxg3+ 18. hxg3 Bf6 19. Kd3 Rfd8 20. f4 Be7 21. Ne2 Rc7 22. b3 Nf6 23. c3 Ng4 24. b4 f6 25. Nb3 b6 26. a5 b5 27. Nc5 Bxc5 28. bxc5 e5 29. Rf1 Re8 30. Rbe1 Rb7 31. Rb1 exd4 32. Nxd4 Rc7 33. c6 Re3+ 34. Kc2 Rxg3 35. Kb3 Ne3 36. Kb4 Nc4 37. Rf3 Rxg2 38. Kc5 Ra2 39. Ne6 Re7 40. c7 Rxc7+ 41. Nxc7 Nd2 42. Rff1 Rxa5 43. Rfd1 Nxb1 44. Rxb1 Ra4 45. Nxd5 Kf7 46. f5 g6 47. Rf1 gxf5 48. Rxf5 Ke6 49. Rh5 f5 50. Nc7+ 1/2-1/2